000 00587nam a2200193 4500
003 SEACOMEC
005 20241223132817.0
008 241106b |||||||| |||| 00| 0 eng d
020 _a9780131450912
_c610.00
040 _aSEACOMEC
082 _a004.628
_bD325
100 _aDeitel, H. M.
245 _aInternet and world wide web : how to program /
_cH. M. Deitel, A.J.Deitel, and A.B. Goldbing
250 _a3rd ed.
260 _aDelhi:
_bPearson Education,
_c 2004, 2007
300 _aliv, 1535 p.; : 24 cm.
650 _a Internet programming - World Wide Web
942 _cBOOK
999 _c1787
_d1787